00470nam a2200181Ia 4500008004100000020001800041050001400059100002000073245004800093245004800141260001500189260001600204260000900220300001400229300002700243300001000270500000800280170918s9999 xx 000 0 und d a9780439590761 bN971 2002 aNumeroff, Laura a10-step guide to living with your monster / cLaura Numeroff ; illustrated by Nate Evans. aNew York : bScholastic, c2002 aunpaged : bcolored illustration ; c28cm. a450